Welcome to CU Library Online Public Access Catalogue (OPAC)

Organization development : (Record no. 4710)

MARC details
000 -LEADER
fixed length control field 00672pam a2200205 a 4500
001 - CONTROL NUMBER
control field 3399669
005 - DATE AND TIME OF LATEST TRANSACTION
control field 20250312122427.0
008 - FIXED-LENGTH DATA ELEMENTS--GENERAL INFORMATION
fixed length control field 890216s1990 njua b 001 0 eng
020 ## - INTERNATIONAL STANDARD BOOK NUMBER
International Standard Book Number 0130697753
050 00 - LIBRARY OF CONGRESS CALL NUMBER
Classification number HD58.8
Item number .F76 1990
082 00 - DEWEY DECIMAL CLASSIFICATION NUMBER
Classification number 658.4/06
Edition information 19
100 1# - MAIN ENTRY--PERSONAL NAME
Personal name French, Wendell L.,
Dates associated with a name 1923-
245 10 - TITLE STATEMENT
Title Organization development :
Remainder of title behavioral science interventions for organization improvement /
Statement of responsibility, etc. Wendell L. French, Cecil H. Bell, Jr.
250 ## - EDITION STATEMENT
Edition statement 4th ed.
260 ## - PUBLICATION, DISTRIBUTION, ETC.
Place of publication, distribution, etc. Englewood Cliffs, N.J. :
Name of publisher, distributor, etc. Prentice-Hall,
Date of publication, distribution, etc. c1990.
300 ## - PHYSICAL DESCRIPTION
Extent xiv, 320 p. :
Other physical details ill. ;
Dimensions 24 cm.
650 #0 - SUBJECT ADDED ENTRY--TOPICAL TERM
Topical term or geographic name entry element Organizational change.
700 1# - ADDED ENTRY--PERSONAL NAME
Personal name Bell, Cecil,
Dates associated with a name 1935-
942 ## - ADDED ENTRY ELEMENTS (KOHA)
Source of classification or shelving scheme Library of Congress Classification
Koha item type Books
Suppress in OPAC No
999 ## -
-- 4710
-- 4710
Holdings
Withdrawn status Lost status Source of classification or shelving scheme Damaged status Not for loan Collection Home library Current library Shelving location Date acquired Total checkouts Full call number Barcode Date last seen Copy number Price effective from Koha item type
    Library of Congress Classification     Non-fiction Undergraduate Library (Christ Temple) Undergraduate Library (Christ Temple) General stacks 03/12/2025   HD58.8 FRE ulct00001662 03/12/2025 1 03/12/2025 Books
© 2023-2024 Copyright: Central University Libraries. All Rights Reserved | Created by: Mahone Tech Office